000 00465nam a2200169Ia 4500
008 220803s9999 xx 000 0 und d
020 _a978-303-46057-7-9
041 _aeng
082 _a720.87 HEI/DEG
100 _aHeiss O
_929679
245 _aBarrier Free Design : Principles Planning Examples
260 _aSwitzerland
_bBirkhuser
_c2010
300 _a112p
500 _aBCUD
650 _aArchitectural Design
_929680
700 _aDegenhart C Heiss O
_929681
999 _c18549
_d18549